Το στεγαστικό πρόβλημα των σεισμόπληκτων του Αίγιου
Αποθηκεύτηκε σε:
| Κύριος συγγραφέας: | |
|---|---|
| Άλλοι συγγραφείς: | , |
| Μορφή: | Βιβλίο |
| Γλώσσα: | Greek |
| Δημοσίευση: |
Αθήνα :
Εθνικό Κέντρο Κοινωνικών Ερευνών,
c1998
|
| Θέματα: | |
| Ετικέτες: |
Προσθήκη ετικέτας
Δεν υπάρχουν, Καταχωρήστε ετικέτα πρώτοι!
|
MARC
| LEADER | 00000cam a2200000 i 4500 | ||
|---|---|---|---|
| 001 | 1/79900 | ||
| 008 | 990506s1998 gre d | ||
| 020 | |a 960-7093-56-9 | ||
| 035 | |l 10050502 | ||
| 040 | |a GR-MY-UA |b gre |e aacr | ||
| 041 | 0 | |a gre | |
| 082 | 0 | |a 363.5094952 | |
| 100 | 1 | |a Κουβέλη, Αναστασία. | |
| 245 | 1 | 3 | |a Το στεγαστικό πρόβλημα των σεισμόπληκτων του Αίγιου / |c Αναστασία Κουβέλη, Αντώνης Αρμενάκης και Κώστας Σακελλαρόπουλος |
| 260 | |a Αθήνα : |b Εθνικό Κέντρο Κοινωνικών Ερευνών, |c c1998 | ||
| 300 | |a 280 σ. |b πιν.; εικ. | ||
| 500 | |a Χορηγοί: Υπουργείο Χωροταξίας, Περιβάλλοντος και Δημοσίων Έργων, Υπουργείο Ανάπτυξης | ||
| 650 | 0 | 0 | |a Housing |z Social aspects |z Greece |z Aigion. |
| 650 | 0 | 0 | |a Housing |z Greece |z Aigion |x Case studies. |
| 700 | 1 | |a Αρμενάκης, Αντώνης. | |
| 700 | 1 | |a Σακελλαρόπουλος, Κώστας. | |
| 852 | |a INST |b LESVOS |e 19990506 |h 363.5094952 ΚΟΥ |p 005100016545 |q 005100016545 |t BK |y 0 | ||
| 852 | |a INST |b RHODES |e 20050128 |h 363.5094952 ΚΟΥ |p 005400017904 |q 005400017904 |t BK |y 0 | ||
| 901 | |a BIBL-1998-3 | ||
| 909 | |a Λ |b 065376 | ||
| 909 | |a Ρ |b 110398 | ||
| 970 | |z 2000/05/ΟΙΚΟΝΟΜΟΠΟΥΛΟΥ ΧΡΙΣΤΙΝΑ | ||
| 970 | |a ΣΜΠΙΛΗ |b ΕΛΕΝΗ |z 2005/01/28 | ||